Southville International School and Colleges
Your cart is empty.
  • Cart
  • Lists
    Public lists Eva Luna New books Lux_list list_1
    Your lists Log in to create your own lists
  • Log in to your account
  • Your cookies
  • Search history
Southville International School and Colleges
  • Advanced search
  • Recent comments
  • Most popular
  • Libraries

Log in to your account

Log in with GOOGLE


If you do not have an external account, but do have a local account, you can still log in:

  1. Home
  2. MARC view: Personnnel Management /
Normal view MARC view ISBD view

Personnnel Management / (Record no. 20229)

[ view plain ]
MARC details
000 -LEADER
fixed length control field 00484nam a2200181 a 4500
005 - DATE AND TIME OF LATEST TRANSACTION
control field 20140310183215.0
008 - FIXED-LENGTH DATA ELEMENTS--GENERAL INFORMATION
fixed length control field 030627s19uu xx 00 eng d
020 ## - INTERNATIONAL STANDARD BOOK NUMBER
International Standard Book Number 0340247088
050 ## - LIBRARY OF CONGRESS CALL NUMBER
Classification number HD 7260
Item number .C977 1981
100 ## - MAIN ENTRY--PERSONAL NAME
Personal name Curson, Ron
245 ## - TITLE STATEMENT
Title Personnnel Management /
Statement of responsibility, etc Ron Curson.
260 ## - PUBLICATION, DISTRIBUTION, ETC. (IMPRINT)
Place of publication, distribution, etc Great Britain :
Name of publisher, distributor, etc Hodder & Stoughton,
Date of publication, distribution, etc 1981.
300 ## - PHYSICAL DESCRIPTION
Extent 301 p. :
Dimensions 18 cm.
521 ## - TARGET AUDIENCE NOTE
Target audience note
650 ## - SUBJECT ADDED ENTRY--TOPICAL TERM
Topical term or geographic name as entry element Personnel Management
942 ## - ADDED ENTRY ELEMENTS (KOHA)
Koha item type Books
Source of classification or shelving scheme Library of Congress Classification
Call number prefix Foreign
Holdings
Withdrawn status Lost status Source of classification or shelving scheme Damaged status Home library Current library Shelving location Date acquired Source of acquisition Total Checkouts Full call number Barcode Date last seen Copy number Price effective from Koha item type
    Library of Congress Classification   Archives Archives   09/15/2009 Donation   HD 7260 .C977 1981 C3910 05/15/2018 1 10/10/2013 Books

Personnnel Management /

APA

Curson R., . (1981). Personnnel Management. Great Britain: Hodder & Stoughton.

Chicago

Curson Ron, . 1981. Personnnel Management. Great Britain: Hodder & Stoughton.

Harvard

Curson R., . (1981). Personnnel Management. Great Britain: Hodder & Stoughton.

MLA

Curson Ron, . Personnnel Management. Great Britain: Hodder & Stoughton. 1981.

  • Place hold
  • Print
  • Cite
  • Add to your cart (remove)
  • Save record
    BIBTEX Dublin Core MARCXML MARC (non-Unicode/MARC-8) MARC (Unicode/UTF-8) MARC (Unicode/UTF-8, Standard) MODS (XML) RIS
  • More searches
    Search for this title in:
    Other Libraries (WorldCat) Other Databases (Google Scholar) Online Stores (Bookfinder.com) Open Library (openlibrary.org)

Exporting to Dublin Core...

SOUTHVILLE LIBRARY

Southville International School and Colleges Library

1281 Tropical Ave. Cor. Luxembourg St., BF Homes International, Las Pinas City

Tel. No. 8256374 / 252358 Loc. 117/146

Powered by Koha